| 000 | 00542cam a2200205 i 4500 | ||
|---|---|---|---|
| 001 | sa 65005352 | ||
| 003 | DLC | ||
| 005 | 20260227112137.0 | ||
| 008 | 811103s1964 ii 00001 tamo | ||
| 010 | _asa 65005352 //r81 | ||
| 025 | _aPL480:I-T-1112 | ||
| 050 | 0 |
_aPL4758.9.S47 _bN4 |
|
| 100 | 1 | 0 |
_aShanmugam, R., _d1926- |
| 245 | 1 | 0 |
_aNeñcirukkumvarai / _cTākūrtācan̲. |
| 250 | _a[1. patippu]. | ||
| 260 | 0 |
_aCen̲n̲ai : _bKuyilan̲ Patippakam, _c[1964] |
|
| 300 |
_a164 p. ; _c19 cm. |
||
| 500 | _aIn Tamil. | ||
| 500 | _aA novel. | ||
| 999 |
_c64255 _d64255 |
||